Organizational Behavior / Concepts, Controversies, Applications (Record no. 930)
[ view plain ]
| 000 -LEADER | |
|---|---|
| fixed length control field | 01278cam a22002054a 4500 |
| 005 - ΗΜΕΡΟΜΗΝΙΑ ΚΑΙ ΩΡΑ ΤΕΛΕΥΤΑΙΑΣ ΕΝΗΜΕΡΩΣΗΣ | |
| Πεδίο ελέγχου | 20250605163950.0 |
| 008 - FIXED-LENGTH DATA ELEMENTS--GENERAL INFORMATION | |
| Πεδίο ελέγχου σταθερού μήκους | 250528s ||||||||||||||||||||||||d |
| 035 ## - SYSTEM CONTROL NUMBER | |
| System control number | 15340 |
| 020 ## - ISBN | |
| ISBN | 138961921 |
| 040 ## - ΠΗΓΗ ΚΑΤΑΛΟΓΟΓΡΑΦΗΣΗΣ | |
| Φορέας πρωτότυπης καταλογογράφησης | MC Athens Campus Library |
| Γλώσσα καταλογογράφησης | Ελληνικά, Μοντέρνα (1453-) |
| Modifying agency | MC Athens Campus Library |
| Κανόνες περιγραφικής καταλογογράφησης | AACR2 |
| 245 1# - ΤΙΤΛΟΣ ΚΑΙ ΔΗΛΩΣΗ ΥΠΕΥΘΥΝΟΤΗΤΑΣ | |
| Τίτλος | Organizational Behavior / Concepts, Controversies, Applications |
| 250 ## - EDITION STATEMENT | |
| Edition statement | 8th |
| 260 ## - PUBLICATION, DISTRIBUTION, ETC. | |
| Name of publisher, distributor, etc. | Prentice Hall International, |
| Date of publication, distribution, etc. | 1998 |
| 300 ## - PHYSICAL DESCRIPTION | |
| Extent | 794 |
| 520 ## - SUMMARY, ETC. | |
| Summary, etc. | Introduction, What is Organizational Behaviour, The Individual, Foundations of Individual Behavior, Perception and Individual Decision Making, Values and Attitudes and Job Satisfaction, Basic Motivation Concepts, Motivation: From Concepts to Applications, The Group, Foundations of Group Behavior, Understanding Work Teams, Communication, Leadership, Power and Politics, Conflict and Negotiation and Intergroup Behavior, The Organization System, Foundations of Organization Structure, Work Design, Human Resource Policies and Practices, Organizational Culture, Organizational Dynamics, Organizational Change and Stress Management, Appendices, Research in Organizational Behavior, Organizational Change and Stress Management, Name and Organizational Indexes. |
| 700 1# - ΠΡΟΣΘΕΤΗ ΑΝΑΓΡΑΦΗ--ΦΥΣΙΚΟ ΠΡΟΣΩΠΟ | |
| Personal name | Robbins Stephen P |
| 9 (RLIN) | 1079 |
| 942 ## - ADDED ENTRY ELEMENTS (KOHA) | |
| Koha item type | Books |
| Τύπος τεκμηρίου | Βιβλιοθήκη | Τρέχουσα τοποθεσία | Barcode | Αριθμός εισαγωγής | Ημερομηνία απόκτησης | Ταξιθετικό σύμβολο | Αριθμός αντιτύπου | Κατάσταση απόσυρσης | Κατάσταση χαμένου | Κατάσταση κατεστραμμένου | Μη δανεισμός | Σύνολο δανεισμών | Ημερομηνία τελευταίας εμφάνισης | Η τιμή ισχύει από |
|---|---|---|---|---|---|---|---|---|---|---|---|---|---|---|
| Books | MC Athens Campus Library | MC Athens Campus Library | 9780000009296 | 1589 | 05/06/2025 | 658.3 ROB | 1 | 05/06/2025 | 05/06/2025 |